-Автора!: роман

Bibliografiske detaljer
Hovedforfatter: Андреева Н. В. Наталья Вячеславовна
Summary:В прекрасный весенний день в тихом дачном поселке убивают человека. Верней его травят цианистым калием. Естественно начинается расследование, но... В ход расследования начинает активно вмешиваться сам отравленный. Время от времени в милицию начинают поступать письма от его имени, где он очень доказательно по очереди обвиняет знакомых и близких ему людей в своем убийстве. Причем это не просто голословные обвинения: каждый мог бы желать убитому смерти, и у каждого нашлись улики, о которых покойный своевременно позаботился. Конечно, Павел — человек неординарный и писатель талантливый, но эдакий злой гений каждого, кто хоть в какой-то степени с ним пересекался. Сенсационный роман-игра "Смерть на даче" неожиданно для самого автора превратился в реальность...
Sprog:russisk
Udgivet: Москва, АСТ, 2010
Fag:
Format: MixedMaterials Bog
KOHA link:https://koha.lib.tpu.ru/cgi-bin/koha/opac-detail.pl?biblionumber=203066

MARC

LEADER 00000nam0a2200000 4500
001 203066
005 20231031185502.0
010 |a 9785170701292 
010 |a 978-5-271-30921-2 
010 |a 978-5-226-03275-2 
010 |a 978-5-17-070115-5 
010 |a 978-5-271-30922-9 
010 |a 978-5-226-03276-9 
035 |a (RuTPU)RU\TPU\book\221282 
035 |a RU\TPU\book\166338 
090 |a 203066 
100 |a 20111027d2010 m y0rusy50 ca 
101 0 |a rus 
102 |a RU 
105 |a y z 000ay 
200 1 |a -Автора!  |e роман  |f Н. В. Андреева 
210 |a Москва  |c АСТ  |c Астрель  |c ВКТ  |d 2010  |a Владимир 
215 |a 416 с. 
330 |a В прекрасный весенний день в тихом дачном поселке убивают человека. Верней его травят цианистым калием. Естественно начинается расследование, но... В ход расследования начинает активно вмешиваться сам отравленный. Время от времени в милицию начинают поступать письма от его имени, где он очень доказательно по очереди обвиняет знакомых и близких ему людей в своем убийстве. Причем это не просто голословные обвинения: каждый мог бы желать убитому смерти, и у каждого нашлись улики, о которых покойный своевременно позаботился. Конечно, Павел — человек неординарный и писатель талантливый, но эдакий злой гений каждого, кто хоть в какой-то степени с ним пересекался. Сенсационный роман-игра "Смерть на даче" неожиданно для самого автора превратился в реальность... 
610 1 |a русская литература 
610 1 |a романы 
610 1 |a приключения 
610 1 |a детективы 
675 |a Р2  |v 3 
700 1 |a Андреева  |b Н. В.  |g Наталья Вячеславовна 
801 1 |a RU  |b 63413507  |c 20090211  |g PSBO 
801 2 |a RU  |b 63413507  |c 20111107  |g PSBO 
942 |c BK